Titul je dostupný aj v ... 

MARC
| LEADER | 00000nam a2200000 a 4500 | ||
|---|---|---|---|
| 001 | 000251908 | ||
| 005 | 20070221130904.0 | ||
| 008 | 060517s1991 xr e 000 0 czeo | ||
| 020 | |a 8085335999 (brož.) |z 8085335001 | ||
| 040 | |a SVKKK |b slo |c SVKKK |e AACR2 | ||
| 041 | 1 | |a cze |h eng | |
| 044 | |a xr |c CZ | ||
| 100 | 1 | |a Prince, Derek, |d 1915-2003 |4 aut | |
| 245 | 1 | 0 | |a Setkání v Jeruzalémě / |c Derek Prince |
| 250 | |a 1. vyd. | ||
| 260 | |a Praha : |b Logos, |c 1991 | ||
| 300 | |a 245 s. | ||
| 655 | 7 | |a príručky |2 SVKKKPH | |
| 919 | |a 80-85335-99-9 | ||
| 998 | |a BK | ||
| 090 | |g SCKHL |k Sklad Hlavná 10 prízemie |a I.63055 |j 836602 |i 2720196318 |s Absenčne | ||